Plant genotyping : The DNA fingerprinting (Record no. 41891)

MARC details
000 -LEADER
fixed length control field 00433nam a2200157Ia 4500
020 ## - INTERNATIONAL STANDARD BOOK NUMBER
ISBN 0851995152
082 ## - DEWEY DECIMAL CLASSIFICATION NUMBER
Classification number 575.22:58
Item number HEN
100 ## - MAIN ENTRY--AUTHOR NAME
Personal name Henry, R J
245 #0 - TITLE STATEMENT
Title Plant genotyping : The DNA fingerprinting
260 ## - PUBLICATION, DISTRIBUTION, ETC. (IMPRINT)
Place of publication UK
Name of publisher CABI
Year of publication 2001
650 ## - SUBJECT ADDED ENTRY--TOPICAL TERM
Topical Term Molecular marker techniques
650 ## - SUBJECT ADDED ENTRY--TOPICAL TERM
Topical Term Plant DNA extraction
650 ## - SUBJECT ADDED ENTRY--TOPICAL TERM
Topical Term PLant genetic resources genotyping
942 ## - ADDED ENTRY ELEMENTS (KOHA)
Koha item type Books
Holdings
Withdrawn status Lost status Damaged status Not for loan Home library Current library Date acquired Cost, normal purchase price Full call number Accession Number Koha item type
        RRII Library RRII Library 16/12/2021 55.00 575.22:58 HEN 22173 Books